Normal view
MARC view
- Izquierdo Sánchez, Miguel Angel,
Entry Nombre Personal
001 - NUMERO DE CONTROL
- campo de control: 34056
003 - IDENTIFICADOR DE NUMERO DE CONTROL
- campo de control: UPN
005 - FECHA Y HORA DE LA ÜLTIMA TRANSACCIÓN
- campo de control: 20210219194449.0
008 - DATOS DE LONGITUD FIJA
- campo de control de longitud fija: nabaccnnaabn|||||||||| b |nc|||||d
035 ## - NUMERO DE CONTROL
- Número de control: UPN11000006163
040 ## - FUENTE DE CATALOGACIÓN
- Lenguaje de catalogación: SPA
- Agencia de transcripción: UPN
053 #4 - NÚMERO DE CLASIFICACIÓN LC
- Número de clasificación elemento-número único o número inicial de tramo: PQ7298.19 Z7.8
100 1# - ENCABEZAMIENTO - NOMBRE PERSONAL
- Nombre personal: Izquierdo Sánchez, Miguel Angel,
- Fechas asociadas con el nombre: 1953-
670 ## - FUENTE EN LA QUE SE LOCALIZARON DATOS
- Cita de la fuente: T
- Información localizada: Estampas y relatos de viaje
680 ## - NOTA PUBLICA DE ACCESO PÚBLICO
- Frase explicativa de la referencia: Matemático y académico mexicano de la Unidad Morelos de la UPN desde 1981. Fue miembro del taller literaio de Citlali Ferrer en la SOGEM
902 ## - CATALOGADOR
- Catalogador: MCM/020913
